000 00746nam a2200229 u 4500
005 20240814063726.0
008 100928s1997 es r 000 0 spa d
020 _a8427220529
035 _aUPN01000177964
049 _aI
050 4 _aQD38
_bA7.3
100 1 _aArnold, Nick,
_d1961-
_931191
245 1 0 _aEsa caótica química /
_cNick Arnold ; il. de Tony De Saulles ; tr. de Josefina Caball Guerrero.
260 _aBarcelona, Esp. :
_bMolino,
_c1997.
300 _a158 p. :
_bil.
440 0 _aEsa horrible ciencia ;
_v2
534 _pTítulo original:
_tChémical chaos
650 4 _aQuímica
_xEstudio y enseñanza
_97239
650 4 _aLIBROS Y LECTURA PARA LA JUVENTUD
_910549
700 1 _aDe Saulles, Tony,
_eil.
905 _aInfantil
999 _c150067
_d150067